Most popular Serbian boy names 1950 - 2020 - Statistics

General Stats
  • This quiz has been taken 313 times
  • The average score is 43 of 80
Answer Stats
2000 Answer % Correct
Aleksa
85%
Aleksa
85%
Marko
85%
Marko
85%
Marko
85%
2020 Luka
84%
2010 Luka
84%
Luka
84%
Nikola
82%
2000 Nikola
82%
Nikola
82%
Milan
79%
Milan
79%
Aleksandar
78%
Aleksandar
78%
Aleksandar
78%
Aleksandar
78%
Stefan
76%
Stefan
76%
Stefan
76%
Petar
74%
Ivan
71%
Ivan
71%
Jovan
71%
Dragan
70%
Dragan
70%
1970 Dragan
70%
1960 Dragan
70%
Milos
69%
1990 Milos
69%
Nemanja
68%
Dusan
67%
Lazar
62%
Lazar
62%
Lazar
62%
Vuk
62%
Vuk
62%
Filip
60%
Filip
60%
Filip
60%
Zoran
60%
Zoran
60%
Zoran
60%
Dejan
59%
1980 Dejan
59%
Dejan
59%
Goran
55%
Goran
55%
Vladimir
52%
Vladimir
52%
Andrej
48%
Miroslav
47%
Nenad
47%
Nenad
47%
Pavle
45%
Slobodan
43%
Slobodan
43%
Sasa
41%
Sasa
41%
Branko
40%
Vukasin
37%
Nebojsa
36%
Viktor
30%
Dimitrije
27%
Vasilije
24%
Miodrag
23%
Miodrag
23%
Ljubisa
22%
Milorad
22%
Sinisa
22%
Ljubomir
19%
Srboljub
14%
Milisav
11%
1950 Milisav
11%
Novica
9%
Jovo
6%
Niksa
6%
Pamponije
3%
Stevica
2%
Djon
1%
No matching quizzes found
Score Distribution
Percent of People with Each Score
Percentile by Number Answered
Your Score History
You have not taken this quiz